000 00943nam a2200325 a 4500
003 AR-BaBNM
005 20251128204207.0
008 082120s2002 ||||||||||||||000 | spa||
020 _a950-25-1518-8
040 _cAR-BaBNM
100 1 _aDíaz, Honorio Alberto
245 0 0 _aEl traslado de la Capital
_bhistoria para el debate
260 _aBuenos Aires
_bCentro Editor de América Latina
_c1989
300 _a121 p.
490 0 _aBiblioteca política Argentina
_vv. 249
600 1 4 _aAlem, Leandro N.
600 1 4 _aAlfonsín, Raúl Ricardo
_d1983-1989
600 1 4 _aHernández, José
600 1 4 _aMazo, Gabriel del
600 1 4 _aAchaval, Nicolás
650 4 _aHISTORIA POLITICA
650 4 _aGOBIERNO CENTRAL
650 4 _aREFORMA POLITICA
650 4 _aGENERACION DE 1880
651 4 _aBuenos Aires [Capital Federal]
651 4 _aArgentina
800 1 _aTroncoso, Oscar
_edirector
942 _cBK
998 _cCarmen
999 _c6547
_d6547